| 000 | 00696nam a2200241Ia 4500 | ||
|---|---|---|---|
| 005 | 20260430150301.0 | ||
| 008 | 008 250103s9999 xx 000 0 eng d | ||
| 037 | _aTheses | ||
| 040 | _aCRL | ||
| 040 | _beng | ||
| 040 | _ceng | ||
| 041 | _2eng | ||
| 041 | _aeng | ||
| 084 | _qCRL | ||
| 100 |
_aJuneja Sabhya Au.; Archna Kumar Gu. _91237026 |
||
| 245 | 0 | _aMobile-Based ICTs and Community Health Workers: A Case of Sangini Supportive Supervision (Sangini) App, Uttar Pradesh (U.P.) India | |
| 260 | _c2023 | ||
| 300 | _a390 | ||
| 650 | _aScience | ||
| 700 |
_aUniversity of Delhi. Faculty of Science. Deptt. of Home Science _91236642 |
||
| 942 | _cTH | ||
| 999 |
_c1849414 _d1849414 |
||